[Event "AUT-chT2S 9697"]
[Site "Austria"]
[Date "1996.??.??"]
[Round "1"]
[White "Robatsch, Karl"]
[Black "Mikac, Matjaz"]
[Result "1/2-1/2"]
[WhiteElo "2370"]
[BlackElo "2440"]

1.Nf3 d5 2.d4 Nf6 3.c4 e6 4.Nc3 Be7 5.Bf4 O-O 6.e3 c6 7.Qc2 Nbd7 8.Rc1 h6
9.cxd5 Nxd5 10.Nxd5 exd5 11.Bd3 Qa5+ 12.Ke2 Nf6 13.Rhd1 Be6 14.Nd2 Qd8 15.h3 Re8
16.Kf1 Bd6 17.Bxd6 Qxd6  1/2-1/2

[Event "AUT-chT2O 9697"]
[Site "Austria"]
[Date "1996.??.??"]
[Round "3"]
[White "Lehner, Oliver"]
[Black "Modr, Bretislav"]
[Result "1/2-1/2"]
[WhiteElo "2250"]
[BlackElo "2340"]

1.d4 Nf6 2.c4 e6 3.Nf3 d5 4.Nc3 Be7 5.Bf4 O-O 6.e3 Nbd7 7.Qc2 c5 8.dxc5 Nxc5
9.Rd1 Qa5 10.Nd2 Nfe4 11.Ncxe4 Nxe4 12.a3 Nxd2 13.Qxd2 Qxd2+ 14.Rxd2 dxc4
15.Bxc4 Rd8 16.Rxd8+ Bxd8 17.O-O Bd7  1/2-1/2

[Event "AUT-chT9697"]
[Site "Austria"]
[Date "1996.??.??"]
[Round "6"]
[White "Herndl, Harald"]
[Black "Brestian, Egon"]
[Result "1-0"]
[WhiteElo "2365"]
[BlackElo "2455"]

1.d4 d5 2.c4 e6 3.Nf3 Nf6 4.Nc3 Be7 5.Bf4 O-O 6.e3 c5 7.dxc5 Bxc5 8.Qc2 Qa5
9.Nd2 Bb4 10.Rc1 Nc6 11.a3 Bxc3 12.Qxc3 Qxc3 13.Rxc3 e5 14.Bg5 d4 15.Rc1 a5
16.Bxf6 gxf6 17.Ne4 f5 18.Nd6 Be6 19.c5 Rab8 20.Bb5 Rfd8 21.O-O Na7 22.exd4 Rxd6
23.cxd6 Nxb5 24.dxe5 Nd4 25.Rc7 f4 26.Re1 Nc6 27.f3 Kg7 28.g3 fxg3 29.hxg3 Kg6
30.f4 h5 31.Rd1 a4 32.d7 Rd8 33.Rxb7 Kf5 34.Rd6 Ne7 35.Ra7 Bb3 36.Kf2 Ke4
37.Rb7 Nd5 38.Rh6 Ne3 39.Rb4+ Nc4 40.Rd6 h4 41.gxh4 Kxf4 42.Rxc4+ Bxc4 43.Rd4+ Kxe5
44.Rxc4 Rxd7 45.Ke3 Ra7 46.Rb4 Ra5 47.Kf3 Kf5 48.Rg4 f6 49.Rb4 Kg6 50.Kg4 Kg7
51.Kf4 Kg6 52.Ke4 Kh5 53.Kd3 Ra8 54.Rf4 Kg6 55.Kc3 f5 56.Rb4 Kf6 57.Kd3 Ke5
58.Ke3 Rg8 59.Rxa4 Rg3+ 60.Kf2 f4 61.Rb4 Kf5 62.a4 Kg4 63.a5 Rf3+ 64.Ke2 Re3+
65.Kd2 Re8 66.a6 Rd8+ 67.Ke2 Kg3 68.Rb3+ Kg2 69.a7 Ra8 70.Ra3 Re8+ 71.Kd2 Ra8
72.Ra6 f3 73.Rg6+ Kf2 74.Rg7 Rd8+ 75.Kc3 Ke2 76.Re7+ Kd1 77.Rd7+ Rxd7 78.a8=Q Rc7+
79.Kd3 Ke1 80.Qxf3 Rc3+ 81.Ke4  1-0

[Event "AUT-chT2O 9596"]
[Site "AUT"]
[Date "1996.??.??"]
[Round "9"]
[White "Lechtynsky, Jiri"]
[Black "Dobias, Richard"]
[Result "1/2-1/2"]
[WhiteElo "2425"]
[BlackElo "2205"]

1.Nf3 Nf6 2.c4 e6 3.Nc3 d5 4.d4 Be7 5.Bf4 O-O 6.e3 c5 7.dxc5 Bxc5 8.a3 Nc6
9.Be2 a6 10.Qc2 dxc4 11.Bxc4 Be7 12.O-O Bd7 13.Rfd1 Qa5 14.b4 Qb6 15.Rac1 Rfd8
16.Ba2 Be8 17.Ng5 Rxd1+ 18.Rxd1 Rd8 19.Rc1 g6 20.Nge4 e5 21.Nxf6+ Bxf6 22.Bh6 Rd7
23.Na4 Qd8 24.Nc5 Rd2 25.Qb1 Qe7 26.Ne4 Rd8 27.Rd1 Rxd1+ 28.Qxd1 Bg7 29.Bg5 Qf8
30.Qd6 Kh8 31.Qxf8+ Bxf8 32.Nf6 Be7 33.Nxe8 Bxg5 34.Nd6 Nd8 35.Nxf7+ Nxf7
36.Bxf7 Be7 37.Bd5 b6 38.Kf1 a5 39.bxa5 bxa5 40.a4 Kg7 41.Ke2 Kf6 42.Kf3 h6
43.h4 g5 44.h5 Bb4 45.Bb7 Bc3 46.Bc8 Bb4 47.Bg4 Bc3 48.Ke4 Be1 49.f3 Bb4
50.Bc8 Be1 51.Kd5 Bd2 52.Ke4 Be1 53.Kd3 Bb4 54.Kc4 Be1 55.Bb7 Bb4 56.Be4 Be1
57.Bc2 Bb4 58.Kb5 Be1 59.Bb3 Bb4 60.Kc6 Bd2 61.e4 Be1 62.Kd7 Bb4 63.Be6 Ba3
64.Bg4 Bb4 65.Bf5 Ba3 66.g3  1/2-1/2

[Event "Balatonbereny op"]
[Site "Balatonbereny"]
[Date "1996.??.??"]
[Round "1"]
[White "Nemeth, Maria"]
[Black "Vujosevic, Vladimir"]
[Result "0-1"]
[WhiteElo "2120"]
[BlackElo "2400"]

1.d4 Nf6 2.c4 e6 3.Nf3 d5 4.Nc3 Be7 5.Bf4 O-O 6.e3 b6 7.cxd5 exd5 8.Bd3 Bb7
9.Rc1 c5 10.O-O Na6 11.Qe2 Nc7 12.Rfd1 Ne6 13.Bg3 c4 14.Bf5 a6 15.e4 dxe4
16.Nxe4 Nxe4 17.Bxe4 Bxe4 18.Qxe4 b5 19.a4 Bd6 20.Ne5 Bxe5 21.Bxe5 f6 22.Qc6 Qe8
23.Qxe8 Rfxe8 24.Bg3 Rad8 25.d5 Nc5 26.axb5 axb5 27.Bc7 Rd7 28.d6 Re2 29.Rb1 Nd3
30.b3 Nxf2 31.Rdc1 Nd3 32.Rc3 Ne5 33.bxc4 bxc4 34.h3 Kf7 35.Rb8 Ke6 36.Kf1 Ra2
37.Rh8 h6 38.Rb8 Kd5 39.Rb1 Kd4 40.Rbc1 Ra4 41.R3c2 Nd3 42.Rd1 Ra8 43.Bb6+ Kd5
44.Bc7 Re8 45.Ra1 Re4 46.Kg1 Ke6 47.Ra8 Ne5 48.Kf2 h5 49.g3 h4 50.gxh4 Rxh4
51.Kg3 Rd4 52.Re8+ Kd5 53.Rb8 Rd3+ 54.Kg2 Rb3 55.Re8 Rd3 56.Ra8 Ke6 57.h4 Kf5
58.Ra1 Kg4 59.Rh1 Rd4 60.h5 Kg5 61.Kf2 Nf7 62.Rg1+ Kh6 63.Rg6+ Kh7 64.Ke3 Rd3+
65.Ke2 Nxd6 66.Bxd6 R3xd6 67.Rxc4 Rd5 68.Rh4 Rf5 69.Rg3 Re7+ 70.Kd3 Rg5 71.Rgh3 Kh6  0-1

[Event "Bardejov"]
[Site "Bardejov"]
[Date "1996.??.??"]
[Round "?"]
[White "Ostrowski, Leszek"]
[Black "Mrva, Vladimir"]
[Result "1-0"]
[WhiteElo "2355"]
[BlackElo "2305"]

1.Nf3 Nf6 2.c4 e6 3.Nc3 d5 4.d4 Be7 5.Bf4 O-O 6.e3 b6 7.Rc1 dxc4 8.Bxc4 Bb7
9.O-O c5 10.dxc5 Qxd1 11.Rfxd1 Bxc5 12.Nb5 Nbd7 13.Nc7 Rad8 14.Ng5 Kh8 15.Nxf7+ Rxf7
16.Nxe6 Rff8 17.Nxd8 Rxd8 18.Be6 Bc8 19.Bd6 Re8 20.Bf7 Re4 21.Bxc5 bxc5 22.Rxc5 Ba6
23.Rc7 Re7 24.Rxa7 Rxf7 25.Rxa6 h5 26.Ra7 Re7 27.b4 Re4 28.Raxd7 Nxd7 29.Rxd7 Rxb4
30.Rd1 Kg8 31.Ra1 Ra4 32.a3 Kf7 33.Kf1 Ke6 34.Ke2 Kd5 35.Kd3 h4 36.f3 g5
37.e4+ Ke5 38.g3 h3 39.Ke3 Rc4 40.f4+ gxf4+ 41.gxf4+ Ke6 42.a4 Rc3+ 43.Kd4 Rc2
44.a5 Rxh2 45.a6 Rd2+ 46.Ke3 Rd8 47.Kf3 Rd3+ 48.Kg4 h2 49.Rh1 Rd2 50.a7 Rg2+
51.Kf3 Ra2 52.Rxh2 Ra3+ 53.Kg4 Kf6 54.Rh7 Kg6 55.Rb7 Kf6 56.e5+ Ke6 57.Kg5 Rg3+
58.Kh4 Ra3 59.Kg4 Ra1 60.Rb6+ Kf7 61.Kg5 Rxa7 62.f5 Kf8 63.f6 Ra1 64.Kg6  1-0

[Event "Regionalliga SO9596"]
[Site "Bayern"]
[Date "1996.??.??"]
[Round "?"]
[White "Wirth, Wolfgang"]
[Black "Grimm, Stefan"]
[Result "1-0"]
[WhiteElo "1955"]
[BlackElo "1860"]

1.d4 Nf6 2.c4 e6 3.Nc3 d5 4.Nf3 Be7 5.Bf4 c6 6.Qc2 O-O 7.e3 Nbd7 8.Be2 a6
9.h3 dxc4 10.Bxc4 b5 11.Be2 c5 12.dxc5 Nxc5 13.Rd1 Qa5 14.O-O b4 15.Nb1 Bb7
16.Nbd2 Qxa2 17.Ne5 b3 18.Qc1 Rac8 19.Ndc4 Nd5 20.Bh2 Rfd8 21.Bf3 Na4 22.e4 Nf6
23.Rxd8+ Rxd8 24.Na5 Rc8 25.Nec6 Bxc6 26.Nxc6 Kf8 27.Be5 Nd7 28.Bd4 e5 29.Bg4 exd4
30.Bxd7 Rc7 31.Qf4 Rxd7 32.Qb8+ Bd8 33.Nxd8 g6 34.Nc6+ Kg7 35.Qe5+ f6 36.Qe8 Nb6
37.e5 Qxb2 38.exf6+ Kxf6 39.Qe5+ Kf7 40.Re1 Qa3 41.Qh8 Qa4 42.Qxh7+ Kf6 43.Qh8+ Kf7
44.Ne5+ Ke6 45.Nc4+ Kf7 46.Nxb6 Qa5 47.Qe8+  1-0

[Event "Oberliga Bayern9697"]
[Site "Bayern"]
[Date "1996.??.??"]
[Round "?"]
[White "Pohl Kuemmel, Jens Uwe"]
[Black "Golda, Harald"]
[Result "1-0"]
[WhiteElo "2260"]
[BlackElo "2330"]

1.d4 Nf6 2.Nf3 e6 3.c4 d5 4.Nc3 Be7 5.Bf4 O-O 6.e3 c6 7.Bd3 Nbd7 8.O-O dxc4
9.Bxc4 b5 10.Bd3 b4 11.Ne4 c5 12.dxc5 Nxc5 13.Nxc5 Bxc5 14.Qc2 Be7 15.Rfd1 Qa5
16.Nd4 Bd7 17.Nb3 Qh5 18.Be2 Qg6 19.Qxg6 hxg6 20.Rac1 Rac8 21.Ba6 Rxc1 22.Rxc1 Ba4
23.Nc5 Bxc5 24.Rxc5 Rd8 25.Rc8 Rxc8 26.Bxc8 Bb5 27.Bd6 a5 28.Bb7 Nd5 29.e4 Nf6
30.f3 Bc4 31.b3 Bd3 32.Bc6 Bb1 33.Bc7 Bxa2 34.Ba4 Kf8 35.Bd6+ Kg8 36.Kf2 Bxb3
37.Bxb3 Nd7 38.Ke3 Nb6 39.Bc7 a4 40.Bxb6 axb3 41.Bd4 f5 42.Kd3 g5 43.Kc4 g4
44.Kxb3 g5 45.Kxb4 Kf7 46.Kc5  1-0

[Event "Beersheba"]
[Site "Beersheba"]
[Date "1996.??.??"]
[Round "6"]
[White "Avrukh, Boris"]
[Black "Mikhalevski, Alexander"]
[Result "1-0"]
[WhiteElo "2495"]
[BlackElo "2435"]

1.d4 d5 2.c4 e6 3.Nc3 Be7 4.Nf3 Nf6 5.Bf4 O-O 6.e3 b6 7.Bd3 Bb7 8.cxd5 exd5
9.O-O c5 10.Ne5 Na6 11.Qa4 Qc8 12.Bg5 Nb4 13.Be2 Rd8 14.Rac1 a6 15.a3 Nc6
16.Qb3 Qe6 17.Bxf6 Bxf6 18.Bg4 Qd6 19.Ne4 Qe7 20.Nxf6+ Qxf6 21.Nd7 Qg6 22.Qxb6 Bc8
23.Ne5 Qd6 24.Qxc6 Bxg4 25.Qxd6 Rxd6 26.Nxg4 c4 27.e4  1-0

[Event "Berliner Sommer"]
[Site "Berlin"]
[Date "1996.??.??"]
[Round "4"]
[White "Sadiku, Bedri"]
[Black "Wiegner, Denis"]
[Result "1-0"]
[WhiteElo "2350"]
[BlackElo "2170"]

1.d4 d5 2.Nf3 Nf6 3.c4 e6 4.Nc3 Be7 5.Bf4 O-O 6.e3 c5 7.cxd5 Nxd5 8.Bg3 cxd4
9.exd4 Qa5 10.Qb3 Nc6 11.Bc4 Rd8 12.O-O Nb6 13.Rfd1 Nxc4 14.Qxc4 Qb4 15.Qe2 Bf6
16.d5 Nd4 17.Nxd4 Bxd4 18.a3 Qc5 19.Nb5 Bf6 20.Nc7 Rb8 21.Nxe6 fxe6 22.Bxb8 exd5
23.Rac1 Qf8 24.Bxa7 Kh8 25.Bd4  1-0

[Event "DVM U20"]
[Site "Berlin"]
[Date "1996.??.??"]
[Round "5"]
[White "Dimitrijeski, Kristian"]
[Black "Schmidt, Georg"]
[Result "1/2-1/2"]
[WhiteElo "2170"]
[BlackElo "2195"]

1.d4 Nf6 2.c4 e6 3.Nf3 d5 4.Nc3 Be7 5.Bf4 O-O 6.e3 c5 7.cxd5 cxd4 8.d6 Bxd6
9.Bxd6 Qxd6 10.Qxd4 Qxd4 11.Nxd4 a6 12.Be2 b6 13.Bf3 Ra7 14.O-O e5 15.Nc6 Nxc6
16.Bxc6 Rc7 17.Bf3 Rd8 18.Rfd1 Rxd1+ 19.Rxd1 Rd7 20.Rxd7 Bxd7 21.Nd5  1/2-1/2

[Event "Biel op MTO"]
[Site "Biel"]
[Date "1996.??.??"]
[Round "2"]
[White "Sturua, Zurab"]
[Black "Toth, Bela"]
[Result "1-0"]
[WhiteElo "2560"]
[BlackElo "2395"]

1.d4 d5 2.c4 e6 3.Nf3 Nf6 4.Nc3 Be7 5.Bf4 O-O 6.e3 c5 7.dxc5 Bxc5 8.a3 Nc6
9.Qc2 Bd7 10.Rd1 Rc8 11.cxd5 exd5 12.Be2 Be6 13.O-O Bb6 14.Qa4 Qe7 15.Ne5 Rfd8
16.Nxc6 Rxc6 17.Be5 Nd7 18.Bg3 Nc5 19.Qb4 Kf8 20.Bf3 Bc7 21.Bxc7 Rxc7 22.Nb5 Rcd7
23.Nxa7 Bf5 24.Nb5 Bd3 25.Rfe1 Be4 26.Be2 Ne6 27.Qc3 Rc8 28.Qe5 Qc5 29.Nc3 Qc7
30.Qxc7 Rdxc7  1-0

[Event "Bled op"]
[Site "Bled"]
[Date "1996.??.??"]
[Round "2"]
[White "Savchenko, Stanislav"]
[Black "Cepon, Dusan"]
[Result "1-0"]
[WhiteElo "2585"]
[BlackElo "2205"]

1.d4 d5 2.c4 e6 3.Nf3 Nf6 4.Nc3 Be7 5.Bf4 O-O 6.e3 dxc4 7.Bxc4 c5 8.O-O cxd4
9.exd4 Nc6 10.a3 Nd5 11.Bxd5 exd5 12.Ne5 Nxe5 13.Bxe5 Be6 14.Qf3 Qd7 15.Rfe1 Rfe8
16.Re3 Bf8 17.Rae1 f6 18.Bf4 Bf7 19.h3 Rxe3 20.Rxe3 Re8 21.Rxe8 Qxe8 22.Qe2 Qd7
23.Qb5 Qe6 24.Qxb7 Qe1+ 25.Kh2 Qxf2 26.Qb8 Be8 27.Bg3 Qe3 28.Qxa7 h5 29.Qb8 h4
30.Bxh4 Qxd4 31.Bg3 Qe3 32.Nxd5 Qe4 33.Nc3 Qe3 34.Bd6 Bxd6+ 35.Qxd6 Qf2 36.b4 Qb2
37.Ne4 Bg6 38.Nc5 Kh7 39.Qg3 Bf7 40.Qd3+ Kg8 41.Qe3 f5 42.Ne6 Qf6 43.Ng5 Qd6+
44.Kg1 Qd1+ 45.Kf2 g6 46.h4 Bd5 47.Nf3 Be4 48.b5 Qa4 49.Nd4 Qc4 50.Qb3 Qxb3
51.Nxb3 Kf7 52.Nc5  1-0

[Event "SLO-chT"]
[Site "Bled"]
[Date "1996.??.??"]
[Round "3"]
[White "Polajzer, Danilo"]
[Black "Anakiev, Dimitar"]
[Result "1-0"]
[WhiteElo "2440"]
[BlackElo "2090"]

1.Nf3 Nf6 2.c4 e6 3.Nc3 d5 4.d4 Be7 5.Bf4 Nbd7 6.e3 c5 7.cxd5 Nxd5 8.Nxd5 exd5
9.dxc5 Qa5+ 10.Qd2 Qxd2+ 11.Kxd2 Bxc5 12.Bb5 O-O 13.Rhc1 Bb4+ 14.Ke2 a6 15.Rxc8 Rfxc8
16.Bxd7 Rc2+ 17.Kf1 Rxb2 18.Be5 Rc2 19.Ba4 Rc5 20.Rb1 b5 21.Rxb4 bxa4 22.Rxa4 f6
23.Bd4 Rc2 24.Ne1 Rc6 25.Ra5 Rb8 26.Rxd5 Rb1 27.Ke2 Rcc1 28.Nd3 Rc2+ 29.Kf3 Rxa2
30.Rd8+ Kf7 31.Rd7+ Kg8 32.g4 Rd1 33.Nf4 Rdd2 34.Ne6 Rxf2+ 35.Ke4 g6 36.Rg7+ Kh8
37.Rf7 h5 38.g5 Ra4 39.gxf6  1-0

[Event "Bled op"]
[Site "Bled"]
[Date "1996.??.??"]
[Round "7"]
[White "Beliavsky, Alexander G"]
[Black "Sitnik, Igor"]
[Result "1-0"]
[WhiteElo "2615"]
[BlackElo "2160"]

1.d4 d5 2.c4 e6 3.Nc3 Be7 4.Nf3 Nf6 5.Bf4 O-O 6.e3 c5 7.dxc5 Bxc5 8.Qc2 Nc6
9.a3 Qa5 10.O-O-O Bd7 11.Kb1 Be7 12.g4 dxc4 13.Bxc4 Rfd8 14.g5 Nh5 15.Bd6 Be8
16.Bxe7 Nxe7 17.Bd3 g6 18.Be4 Bc6 19.Bxc6 Nxc6 20.h4 Qf5 21.Qxf5 gxf5 22.Nb5 Ng7
23.Nd6 Rd7 24.Rd2 Kf8 25.Rhd1 Ne8 26.Nc4 Rxd2 27.Rxd2 Ke7 28.Kc2 Rc8 29.Kd1 b5
30.Nce5 Nxe5 31.Nxe5 Nd6 32.Rd4 Rc5 33.f4 Rc7 34.a4 a6 35.axb5 axb5 36.Rb4 Rc5
37.Rb3 Rd5+ 38.Kc2 Ne4 39.Ra3 Rc5+ 40.Kb3 Rc7 41.Kb4 f6 42.Nd3 Nd6 43.Nc5 fxg5
44.hxg5 e5 45.Ra6 exf4 46.exf4 Ne4 47.Nxe4 fxe4 48.Rh6 Rc2 49.b3 Rf2 50.Rxh7+ Kd6
51.Rh4 Kd5 52.g6 Kd4 53.Rg4 e3 54.g7 e2 55.g8=Q e1=Q+ 56.Kxb5 Qe2+ 57.Qc4+ Qxc4+
58.bxc4 Rb2+ 59.Kc6 Re2 60.Kd6 Kxc4  1-0

[Event "Bristol op"]
[Site "Bristol"]
[Date "1996.??.??"]
[Round "1"]
[White "Copeland, Graham"]
[Black "Phillips, Roy"]
[Result "1/2-1/2"]
[WhiteElo "2350"]
[BlackElo "2130"]

1.d4 Nf6 2.c4 e6 3.Nf3 d5 4.Nc3 Be7 5.Bf4 O-O 6.e3 c6 7.h3 Nbd7 8.cxd5 Nxd5
9.Nxd5 exd5 10.Bd3 Nf6 11.O-O Ne4 12.Qc2 Bf5 13.Ne5 f6 14.Ng4 Qd7 15.f3 Nd6
16.e4 dxe4 17.fxe4 Bxg4 18.hxg4 Nf7 19.Be3 h6 20.Rf5 Rad8 21.Rd1 Nd6 22.Rf4 Kh8
23.Qe2 Nf7 24.Rf5 Rfe8 25.Bb1 Bf8 26.Qd3 Qc7 27.e5 g6 28.Rh5 Nxe5 29.Rxe5 fxe5
30.Qxg6 Qg7 31.Qh5 exd4 32.Bf4 Re7 33.Bd3 Rd5 34.Bf5  1/2-1/2

[Event "Castellar op"]
[Site "?"]
[Date "1996.??.??"]
[Round "?"]
[White "Suba, Mihai"]
[Black "Marciano, David"]
[Result "0-1"]
[WhiteElo "2565"]
[BlackElo "2495"]

1.c4 e6 2.Nc3 d5 3.d4 Be7 4.Nf3 Nf6 5.Bf4 O-O 6.e3 c5 7.dxc5 Bxc5 8.a3 Nc6
9.Qc2 Qa5 10.Nd2 Be7 11.Be2 e5 12.Bg3 d4 13.Nb3 Qb6 14.exd4 Nxd4 15.Nxd4 exd4
16.Nb5 Qa5+ 17.Kf1 Bd7 18.Nxd4 Rad8 19.Bf3 Ba4 20.Qc3 Qc5 21.Nb3 Qf5 22.Re1 Rd3
23.Nd4 Qg6 24.Qa5 Rxd4 25.Qxa4 Ne4 26.Qxa7 Bc5 27.Bxe4 Rxe4 28.Qxc5 Rxe1+
29.Kxe1 Qb1+ 30.Kd2 Qxh1 31.Qd5 Qf1 32.Kc3 Ra8 33.Kb4 Qe1+ 34.Kb3 Qe2 35.Be5 Qxf2
36.Qxb7 Re8 37.Qc6 Qe3+ 38.Bc3 h5 39.a4 Rb8+ 40.Ka2 Qf4 41.g3 Qf5 42.Qd6 Ra8
43.a5 Qg4 44.b3 Qe4 45.Ka3 f6  0-1

[Event "Castellar op"]
[Site "?"]
[Date "1996.??.??"]
[Round "?"]
[White "Cifuentes Parada, Roberto"]
[Black "Ziatdinov, Raset"]
[Result "1/2-1/2"]
[WhiteElo "2490"]
[BlackElo "2475"]

1.d4 d5 2.c4 e6 3.Nf3 Nf6 4.Nc3 Be7 5.Bf4 O-O 6.e3 a6 7.c5 Nc6 8.h3 Ne4 9.Nxe4 dxe4
10.Ne5 Nxe5 11.Bxe5 Bf6 12.Bh2 Bd7 13.Bc4 Bc6 14.O-O Qd7 15.b4 b5 16.cxb6 cxb6
17.Qe2 b5 18.Bb3 Be7 19.Qd2 a5 20.bxa5 Ba3 21.Rad1 Rfc8 22.d5 Bxd5 23.Bxd5 exd5
24.Qxd5 Qxd5 25.Rxd5 Rxa5 26.Bf4 Bf8 27.a4 Rxa4 28.Rxb5 f6 29.h4 Rac4 30.Ra5  1/2-1/2

[Event "CZE-chT2a 9596"]
[Site "CZE"]
[Date "1996.??.??"]
[Round "?"]
[White "Horak, Jiri"]
[Black "Efler, David"]
[Result "1/2-1/2"]
[WhiteElo "2280"]
[BlackElo "2255"]

1.d4 d5 2.c4 e6 3.Nf3 Nf6 4.Nc3 Be7 5.Bf4 c5 6.e3 cxd4 7.exd4 O-O 8.c5 Ne4
9.Bd3 f5 10.h4 Bd7 11.g3 Nc6 12.Ne5 Nxe5 13.Bxe5 Bf6 14.Bxf6 Qxf6 15.Ne2 e5
16.Qb3 Be6 17.Qxb7 exd4 18.Rc1 Rab8 19.Qxa7 Rxb2 20.Qa3 Rbb8 21.c6 Qe5 22.c7 Rbc8
23.f4 Qf6 24.Ba6 Ra8 25.Rc6 d3 26.Qxd3 Qa1+ 27.Nc1 Qb2 28.O-O Bc8 29.Bxc8 Raxc8
30.Qxd5+ Kh8 31.Qb3 Qd4+ 32.Kh2 Nd2 33.Qd1 Nxf1+ 34.Qxf1 Qb2+ 35.Qe2 Qxe2+
36.Nxe2 Rf7 37.Nd4 Rfxc7 38.Rxc7 Rxc7 39.Nxf5 h5 40.Kh3 Rc3 41.a4 Kg8 42.a5 Kf7
43.a6 Ra3 44.a7 Rxa7 45.g4 Ra3+ 46.Ng3 Rf3 47.f5 hxg4+ 48.Kxg4  1/2-1/2

[Event "BCF-chT 96/97"]
[Site "England"]
[Date "1996.??.??"]
[Round "?"]
[White "Povah, Nigel E"]
[Black "Merriman, John"]
[Result "1-0"]
[WhiteElo "2370"]
[BlackElo "2250"]

1.d4 e6 2.Nf3 d5 3.c4 Nf6 4.Nc3 Be7 5.Bf4 O-O 6.e3 c6 7.h3 Nbd7 8.Qc2 g6
9.Bd3 dxc4 10.Bxc4 b5 11.Be2 Bb7 12.O-O a6 13.Rfd1 Qb6 14.a4 b4 15.a5 Qa7
16.Na4 c5 17.Ne5 Nxe5 18.Bxe5 Nd7 19.Bf4 Rac8 20.dxc5 Nxc5 21.Nxc5 Rxc5 22.Qb3 Bd5
23.Qxb4 Rc2 24.Qe1 Rxb2 25.Be5 Rb3 26.Rd3 Rxd3 27.Bxd3 f6 28.Bc3 Qa8 29.e4 Bb7
30.Rb1 Qc8 31.Bd4 e5 32.Bb6 Qd7 33.Qe2 Ra8 34.Bc4+ Kf8 35.Rd1 Qe8 36.Bd5 Qa4  1-0

[Event "BCF-chT 96/97"]
[Site "England"]
[Date "1996.??.??"]
[Round "?"]
[White "Littlewood, Paul E"]
[Black "Walsh, Chris"]
[Result "1-0"]
[WhiteElo "2435"]
[BlackElo "2170"]

1.d4 e6 2.Nf3 Nf6 3.c4 d5 4.Nc3 Be7 5.Bf4 O-O 6.e3 c6 7.h3 dxc4 8.Bxc4 b5
9.Bd3 a6 10.O-O Bb7 11.Rc1 Nbd7 12.Ne4 Nxe4 13.Bxe4 Rc8 14.Ne5 Nxe5 15.Bxe5 Qb6
16.Qg4 g6 17.Qf4 f5 18.Bf3 c5 19.dxc5 Bxc5 20.b4  1-0

[Event "FIN-chT 9697"]
[Site "FIN"]
[Date "1996.??.??"]
[Round "3.4"]
[White "Luukkonen, Tommi"]
[Black "Nokso Koivisto, Antti"]
[Result "1/2-1/2"]
[WhiteElo "2100"]
[BlackElo "2240"]

1.d4 d5 2.c4 e6 3.Nc3 Nf6 4.Nf3 Be7 5.Bf4 O-O 6.e3 c5 7.dxc5 Bxc5 8.Qc2 Nc6
9.Rd1 Qa5 10.a3 Be7 11.Nd2 e5 12.Bg5 d4 13.Nb3 Qd8 14.Be2 Ng4 15.Bxe7 Qxe7
16.exd4 Qh4 17.g3 Qf6 18.Ne4 Qh6 19.d5 Nb8 20.Qd2 Qg6 21.f3 f5 22.Nf2 Nxf2
23.Kxf2 f4 24.c5 Nd7 25.Rdg1 Qh6 26.h4 fxg3+ 27.Rxg3 Qxd2 28.Nxd2 Nxc5 29.b4 Na4
30.Rhg1 g6 31.h5 Bf5 32.Nc4 Nc3 33.hxg6 Bxg6 34.Bd3 e4 35.Bc2 Kh8 36.Ne5 e3+
37.Kxe3 Nxd5+ 38.Kd4 Nf4 39.Nxg6+ hxg6 40.Rh1+ Kg7 41.Re1 Rad8+ 42.Ke3 Rf6
43.Be4 b6 44.Rc1 Rd7 45.Rg4 Nd5+ 46.Kf2 Ne7 47.a4 Rd2+ 48.Ke3 Rd7 49.Rg5 Kf7
50.Rc4 Rfd6 51.b5 Kf6 52.Rg2 Rd1 53.Rgc2 R1d6 54.Rc7 Nd5+ 55.Bxd5 Rxd5 56.R2c6+ Kf5
57.Rc4 Rd3+ 58.Kf2 R3d5  1/2-1/2

[Event "FIN-chT 9697"]
[Site "FIN"]
[Date "1996.??.??"]
[Round "5.3"]
[White "Lindstedt, Johan"]
[Black "Hakulinen, Esko Matti"]
[Result "0-1"]
[WhiteElo "2310"]
[BlackElo "2340"]

1.d4 Nf6 2.Nf3 e6 3.c4 d5 4.Nc3 Be7 5.Bf4 O-O 6.e3 c5 7.dxc5 Bxc5 8.cxd5 exd5
9.Be2 Nc6 10.O-O Be6 11.Rc1 h6 12.Nb5 Bb6 13.Nfd4 Qd7 14.Nxc6 bxc6 15.Nd4 c5
16.Bb5 Qe7 17.Nc6 Qb7 18.Bd6 Rfe8 19.Ne5 Ne4 20.Bc6 Qc8 21.Bxd5 Bxd5 22.Qxd5 Nxd6
23.Qxd6 Bc7 24.Qxc5 Bxe5 25.b4 Qb8 26.g3 Bd6  0-1

[Event "FRA-ch"]
[Site "France"]
[Date "1996.??.??"]
[Round "12"]
[White "Hauchard, Arnaud"]
[Black "Marciano, David"]
[Result "1-0"]
[WhiteElo "2500"]
[BlackElo "2480"]

1.c4 e6 2.Nc3 Nf6 3.Nf3 d5 4.d4 Be7 5.Bf4 O-O 6.e3 c5 7.dxc5 Bxc5 8.a3 Nc6
9.Be2 dxc4 10.Bxc4 a6 11.Be2 Nh5 12.Bg5 Be7 13.Qxd8 Bxd8 14.Ne4 f6 15.Nfd2 fxg5
16.Bxh5 Ne5 17.Be2 Bd7 18.Nc5 Bc6 19.Nxe6 Re8 20.Nxd8 Raxd8 21.Nf3 Nd3+ 22.Bxd3 Rxd3
23.Nxg5 Bxg2 24.Rg1 Bc6 25.Rd1 Red8 26.Rxd3 Rxd3 27.Rg4 Rb3 28.Rb4 Rxb4 29.axb4 Bd5
30.e4 Bc6 31.e5 Bd5 32.Ke2 h6 33.Nf3 Kf7 34.Nd4 g5 35.Ke3 Kg6 36.f4 gxf4+
37.Kxf4 b6 38.Kg4 Bb7 39.h4 Bc8+ 40.Kf4 Bh3 41.Nf5 Bg2 42.Nd6 Bc6 43.Nc4 Kh5
44.Kg3 Kg6 45.Kg4 Bd7+ 46.Kf4 Kh5 47.Nxb6 Bb5 48.Kg3 Kg6 49.Kg4 Be2+ 50.Kf4 Kh5
51.e6 Kxh4 52.e7 Bb5 53.Nd5 h5 54.Nc7 Bd7 55.Nxa6 Kh3 56.Nc7 h4 57.e8=Q Bxe8
58.Nxe8 Kg2 59.Nf6  1-0

[Event "Eikrem mem"]
[Site "Gausdal"]
[Date "1996.??.??"]
[Round "5"]
[White "Olafsson, Helgi"]
[Black "Ogaard, Leif"]
[Result "1-0"]
[WhiteElo "2500"]
[BlackElo "2435"]

1.d4 d5 2.c4 e6 3.Nf3 Nf6 4.Nc3 Be7 5.Bf4 O-O 6.e3 c5 7.dxc5 Bxc5 8.Qc2 Nc6
9.a3 Qa5 10.O-O-O Be7 11.h4 Bd7 12.g4 Rfc8 13.g5 Nh5 14.Bh2 Be8 15.Nd2 a6
16.cxd5 Nb4 17.axb4 Qa1+ 18.Ndb1 Ba4 19.b3 Bxb4 20.Be5 f6 21.Qb2  1-0

[Event "BEL-ch"]
[Site "Geel"]
[Date "1996.??.??"]
[Round "?"]
[White "Mohandesi, Shahin"]
[Black "Dutreeuw, Marc"]
[Result "0-1"]
[WhiteElo "2355"]
[BlackElo "2390"]

1.d4 d5 2.c4 e6 3.Nc3 Be7 4.Nf3 Nf6 5.Bf4 O-O 6.e3 c5 7.dxc5 Bxc5 8.Qc2 Nc6
9.a3 d4 10.O-O-O e5 11.Nxe5 Qe8 12.Na4 Nxe5 13.Nxc5 dxe3 14.Bxe3 Qc6 15.h3 Re8
16.Nb3 Bd7 17.Nd4 Qc7 18.Kb1 Rac8 19.Rc1 Qb8 20.Be2 Nd5 21.Qd2 Nxe3 22.fxe3 Rc5
23.Rhf1 Qc7 24.b3 a6 25.Kb2 Qd6 26.Bf3 Bf5 27.Rc3 Bg6 28.Rd1 Qe7 29.a4 Rd8
30.Bd5 h6 31.e4 Rc7 32.Qf4 Kh8 33.g4 Rb8 34.h4 Re8 35.h5 Bh7 36.Rg1 Qg5 37.Qxg5 hxg5
38.Nf3 f6 39.Nxe5 Rxe5 40.Re3 Rce7 41.Rge1 b6 42.a5 bxa5 43.Kc3 f5 44.gxf5 Bxf5
45.Ra1 Bc8 46.Rxa5 g4 47.Rc5 Re8 48.Bf7 Rxc5 49.Bxe8 Kh7 50.e5 Be6 51.Kd4 Rc8
52.Bg6+ Kh6 53.Ke4 Kg5 54.Re1 Rf8 55.Kd4 Rb8 56.Kc5 Rxb3 57.Kd6 Bxc4 58.Rc1 Bb5
59.e6 g3 60.e7 Re3 61.Bf7 Kf6 62.Bc4 Bxc4 63.Rxc4 Rd3+ 64.Kc5 Kxe7 65.Rg4 Kf7
66.Kb4 Rf3 67.Rg5 Re3 68.Kc4 Kf6 69.Rg6+ Kf5 70.Rxg7 Kf4 71.h6 Re6 72.h7 Rh6
73.Kd3 Kf3 74.Rf7+ Kg2 75.Ke2 Kh1 76.Rg7 g2 77.Kf2 Rh2  0-1

[Event "BEL-ch"]
[Site "Geel"]
[Date "1996.??.??"]
[Round "1"]
[White "Vanderwaeren, Serge"]
[Black "Dutreeuw, Marc"]
[Result "1/2-1/2"]
[WhiteElo "2315"]
[BlackElo "2390"]

1.Nf3 Nf6 2.c4 e6 3.d4 d5 4.Nc3 Be7 5.Bf4 O-O 6.e3 c5 7.dxc5 Bxc5 8.Qc2 Nc6
9.a3 Bd7 10.Be2 dxc4 11.Bxc4 a6  1/2-1/2

[Event "Geneve op"]
[Site "Geneve"]
[Date "1996.??.??"]
[Round "6"]
[White "Chenaux, Patrick"]
[Black "Astengo, Corrado"]
[Result "1-0"]
[WhiteElo "2245"]
[BlackElo "2130"]

1.d4 d5 2.c4 e6 3.Nc3 Be7 4.Bf4 Nf6 5.Nf3 c6 6.e3 Nbd7 7.Qc2 Qa5 8.Nd2 O-O
9.Bd3 Re8 10.O-O Bf8 11.Bg3 g6 12.Rfe1 a6 13.e4 dxe4 14.Ndxe4 Nxe4 15.Nxe4 Bg7
16.Bh4 Qc7 17.c5 Rf8 18.Rad1 Bxd4 19.Bc4 Bg7 20.Be7 Re8 21.Bd6 Qa5 22.a3 Nf6
23.b4 Qxa3 24.Ra1 Qxa1 25.Rxa1 Nxe4 26.Rd1 Nxd6 27.Rxd6 Bf8 28.Rd1 e5 29.Qb3 Be6
30.Bxe6 Rxe6 31.Rd7 Re7 32.Qd1 Kg7 33.Kf1 Rae8 34.Rd3 Rc7 35.Qd2 Rcc8 36.Rd7 Rb8
37.g4 h6 38.h4 Be7 39.h5 g5 40.Qd3 Bf6 41.Qd6 Rec8 42.f3 Rd8 43.Ke2 Rbc8
44.Qe6 Rxd7 45.Qxd7 Rd8 46.Qxb7 Rd4 47.Qxc6 Rxb4 48.Qxa6 e4 49.Qc8 exf3+
50.Kxf3 Rf4+ 51.Ke2 Bd4 52.c6 Be5 53.Qd7 Re4+ 54.Kd3 Rf4 55.Qe8 Bc7 56.Qe2 Bd6
57.Qb2+ Kg8 58.Qa1 Bc7 59.Qa7 Bd6 60.Qd7 Rf1 61.Kc4 Bg3 62.Qd8+ Kg7 63.Qd4+ Kg8
64.Kb5 Rb1+ 65.Ka6 Rf1 66.Kb7 Bh2 67.Kc8 Bg3 68.Kd7 Rf3 69.c7 Bxc7 70.Kxc7 Rf4
71.Qd7 Re4 72.Qc6 Re6 73.Qd5 Rf6 74.Qd8+ Kg7 75.Qd4  1-0

[Event "BL2-W9596"]
[Site "Germany"]
[Date "1996.??.??"]
[Round "?"]
[White "Dautov, Rustem"]
[Black "Roeder, Mathias"]
[Result "1-0"]
[WhiteElo "2615"]
[BlackElo "2445"]

1.d4 Nf6 2.c4 e6 3.Nf3 d5 4.Nc3 Be7 5.Bf4 O-O 6.e3 b6 7.cxd5 exd5 8.Bd3 Bb7
9.Ne5 c5 10.O-O a6 11.Qf3 Nc6 12.dxc5 bxc5 13.Rad1 Qb6 14.Nxd5 Nxd5 15.Qxd5 Nxe5
16.Qxe5 Qc6 17.f3 Bf6 18.Qd6 Bxb2 19.Be4 Qxd6 20.Bxd6 Bxe4 21.Bxf8 Rxf8 22.fxe4 c4
23.Rd7 c3 24.Rc7 f6 25.Rd1 Kh8 26.Rd6 h6 27.Kf2 a5 28.Rdc6 a4 29.Rc8 Rxc8
30.Rxc8+ Kh7 31.Ke2 h5 32.Kd3 a3 33.Rxc3 Bxc3 34.Kxc3 h4 35.h3 Kg6 36.Kb3 Kf7
37.Kxa3 Ke6 38.Kb4 Ke5 39.a4  1-0

[Event "Bundesliga 9596"]
[Site "Germany"]
[Date "1996.??.??"]
[Round "?"]
[White "Dinstuhl, Volkmar"]
[Black "Florath, Patrick"]
[Result "0-1"]
[WhiteElo "2355"]
[BlackElo "2275"]

1.d4 e6 2.c4 d5 3.Nc3 Nf6 4.Nf3 Be7 5.Bf4 O-O 6.e3 b6 7.Bd3 c5 8.cxd5 exd5
9.Ne5 Bb7 10.Qf3 Na6 11.g4 cxd4 12.exd4 Nc7 13.g5 Ne4 14.Nxe4 dxe4 15.Bxe4 Bxe4
16.Qxe4 Bxg5 17.Rd1 Bxf4 18.Qxf4 Qd5 19.Rg1 Ne6 20.Qh4 f6 21.Ng4 Ng5 22.Ne5 Qxe5+  0-1